[Event "3MCR_4D_1L_4S"]
[Site "?"]
[Date "1999.??.??"]
[Round "4"]
[White "Mares, Vaclav"]
[Black "Kohout, Vratislav"]
[Result "1-0"]
[WhiteElo "2135"]
[BlackElo "2110"]
[PlyCount "65"]
[EventDate "1999.??.??"]
[EventType "corr"]

1. e4 e6 2. d4 d5 3. Nc3 Bb4 4. e5 c5 5. a3 Ba5 6. b4 cxd4 7. Qg4 Ne7 8. Nb5
Bc7 9. Qxg7 Rg8 10. Qxh7 a6 11. Nxc7+ Qxc7 12. Ne2 Qxe5 13. f4 Qf5 14. Qxf5
Nxf5 15. h4 Nc6 16. h5 Bd7 17. h6 Rh8 18. h7 Kf8 19. Bb2 f6 20. Kf2 e5 21. c3
d3 22. Nc1 e4 23. Nxd3 exd3 24. Bxd3 Kg7 25. g4 Nd6 26. Rh5 Be6 27. Rah1 Bf7
28. Rh6 Nc4 29. Bc1 Rae8 30. a4 Ne7 31. g5 fxg5 32. f5 Nc6 33. Bxg5 1-0

[Event "3MCR_4D_1L_4S"]
[Site "?"]
[Date "1999.??.??"]
[Round "4"]
[White "Sykora, Josef"]
[Black "Kosek, Lubomir"]
[Result "1/2-1/2"]
[WhiteElo "2335"]
[BlackElo "2045"]
[PlyCount "131"]
[EventDate "1999.??.??"]
[EventType "corr"]

1. d4 Nf6 2. c4 g6 3. Nf3 Bg7 4. g3 O-O 5. Bg2 d6 6. O-O Nbd7 7. Nc3 e5 8. h3
Re8 9. e4 exd4 10. Nxd4 Nc5 11. Re1 a5 12. b3 Bd7 13. Rb1 Qc8 14. Kh2 Re5 15.
f4 Rh5 16. f5 Ng4+ 17. Qxg4 Bxd4 18. Nd5 Qd8 19. Qe2 Be5 20. Bf3 c6 21. Nf4 Rh6
22. Nxg6 Rxg6 23. fxg6 Qh4 24. Qg2 Bxh3 25. gxf7+ Kg7 26. Qxh3 Bxg3+ 27. Kg2
Bxe1 28. Be3 Nd3 29. Qxh4 Bxh4 30. Bh5 Ne5 31. Rf1 Bf6 32. Bh6+ Kxh6 33. Rxf6+
Kg7 34. Rxd6 Rf8 35. Kg3 Ng6 36. Bxg6 hxg6 37. Kf4 Rxf7+ 38. Kg5 Rf2 39. Rd7+
Rf7 40. Rd6 Rf2 41. Rxg6+ Kf7 42. Rh6 Rxa2 43. Kf5 a4 44. bxa4 Kg7 45. Rd6 Rxa4
46. Rd7+ Kf8 47. c5 Rb4 48. e5 Ke8 49. Ke6 Rb2 50. Rd4 Rh2 51. Rg4 Rh6+ 52. Kf5
Kf7 53. e6+ Kf8 54. Ke5 Rh1 55. Rg5 Re1+ 56. Kf6 Rf1+ 57. Rf5 Rb1 58. Rh5 Rf1+
59. Ke5 Re1+ 60. Kd6 Rd1+ 61. Kc7 Rb1 62. Kd8 Rd1+ 63. Kc8 Rb1 64. Rh7 Ke8 65.
Rxb7 Rc1 66. Kc7 1/2-1/2

[Event "3MCR_4D_1L_4S"]
[Site "?"]
[Date "1999.??.??"]
[Round "4"]
[White "Skula, Eugen"]
[Black "Pletanek, Danous"]
[Result "0-1"]
[WhiteElo "2210"]
[BlackElo "2260"]
[PlyCount "76"]
[EventDate "1999.??.??"]
[EventType "corr"]

1. d4 Nf6 2. c4 g6 3. Nc3 Bg7 4. e4 d6 5. f4 O-O 6. Nf3 c5 7. d5 e6 8. Be2 exd5
9. e5 Ne4 10. cxd5 Nxc3 11. bxc3 Nd7 12. O-O dxe5 13. fxe5 Nxe5 14. Be3 Nxf3+
15. Bxf3 Qd6 16. Qd2 Be5 17. h3 b6 18. Rad1 Re8 19. c4 Re7 20. Bf2 Bd7 21. Bh4
f6 22. Kh1 Rae8 23. Qd3 a6 24. Qa3 b5 25. Bf2 Rc8 26. Be2 b4 27. Qa5 Bc3 28.
Bd3 f5 29. a3 f4 30. Bg1 g5 31. Bh2 Rf7 32. Be4 Rf6 33. axb4 Bxb4 34. Qa2 Re8
35. Bf3 a5 36. Bh5 Re7 37. Rf2 a4 38. Re2 a3 0-1

[Event "3MCR_4D_1L_4S"]
[Site "?"]
[Date "1999.??.??"]
[Round "4"]
[White "Kunovjanek, Milan"]
[Black "Blatsky, Libor"]
[Result "0-1"]
[WhiteElo "2025"]
[BlackElo "2165"]
[PlyCount "108"]
[EventDate "1999.??.??"]
[EventType "corr"]

1. e4 e5 2. Nf3 Nc6 3. Bb5 a6 4. Ba4 Nf6 5. O-O Be7 6. Re1 b5 7. Bb3 O-O 8. c3
d6 9. h3 h6 10. d4 Re8 11. Nbd2 Bf8 12. Nf1 Bd7 13. Ng3 Na5 14. Bc2 c5 15. b3
Nc6 16. d5 Ne7 17. Be3 Ng6 18. Qd2 Nh7 19. a4 Be7 20. Ra2 Nh4 21. Nxh4 Bxh4 22.
Nf5 Bxf5 23. exf5 Bg5 24. Rea1 Bxe3 25. fxe3 b4 26. cxb4 cxb4 27. Qxb4 e4 28.
Rd1 Qg5 29. Qe1 Qxf5 30. b4 Nf6 31. Bb3 Rec8 32. Rd4 Qe5 33. Rc2 Rxc2 34. Bxc2
Rc8 35. Bb3 Qe8 36. Qd1 Rc3 37. Rc4 Qe5 38. Rxc3 Qxc3 39. Kh1 Qxb4 40. Kg1 Nd7
41. Bc2 Qc3 42. Kf2 Nc5 43. Ke2 f5 44. g3 Kf7 45. h4 g6 46. Kf2 Nd7 47. Ke2 Nf6
48. Bb1 Qc4+ 49. Ke1 Nxd5 50. Qd2 Qc3 51. Ba2 Qxd2+ 52. Kxd2 Ke6 53. a5 Ke5 54.
Bc4 Nc7 0-1

[Event "3MCR_4D_1L_4S"]
[Site "?"]
[Date "1999.??.??"]
[Round "4"]
[White "Kunovjanek, Milan"]
[Black "Krouzel, Jaroslav"]
[Result "1/2-1/2"]
[WhiteElo "2025"]
[BlackElo "2405"]
[PlyCount "83"]
[EventDate "1999.??.??"]
[EventType "corr"]

1. e4 e6 2. d4 d5 3. Nd2 Nc6 4. Ngf3 Nf6 5. e5 Nd7 6. Nb3 Be7 7. Bb5 O-O 8. O-O
Ncb8 9. Bd3 b6 10. Qe2 a5 11. Bf4 c5 12. c4 a4 13. Nbd2 Nc6 14. cxd5 exd5 15.
Rfc1 Ndb8 16. Qe3 c4 17. Bc2 Nb4 18. Bb1 b5 19. Nf1 Bg4 20. Ng5 g6 21. h3 Be6
22. Qg3 Kg7 23. Qh4 h5 24. Qg3 Qd7 25. Ne3 Kh8 26. a3 N4c6 27. Rd1 Na6 28. Nf3
Nc7 29. Bg5 Qd8 30. Qf4 Bxg5 31. Nxg5 Kg7 32. Nf3 Na5 33. Qg3 Nb3 34. Ra2 Ra6
35. Nh4 Bc8 36. Bc2 Kh8 37. Qf4 g5 38. Qf3 g4 39. Qg3 gxh3 40. Nhf5 Rg8 41.
Qxh3 Qg5 42. g3 1/2-1/2

[Event "3MCR_4D_1L_4S"]
[Site "?"]
[Date "1999.??.??"]
[Round "4"]
[White "Blatsky, Libor"]
[Black "Liska, Milan"]
[Result "1-0"]
[WhiteElo "2165"]
[BlackElo "2165"]
[PlyCount "113"]
[EventDate "1999.??.??"]
[EventType "corr"]

1. d4 Nf6 2. c4 e6 3. Nf3 d5 4. Nc3 Be7 5. Bg5 Nbd7 6. e3 O-O 7. Rc1 c6 8. Bd3
dxc4 9. Bxc4 Nd5 10. Bxe7 Qxe7 11. Ne4 Rd8 12. O-O Nf8 13. Ng3 b6 14. Qe2 Bb7
15. e4 Nf4 16. Qe3 N8g6 17. h4 h5 18. Ng5 b5 19. Bb3 a5 20. a3 a4 21. Ba2 Rd7
22. Ne2 Nxe2+ 23. Qxe2 Qf6 24. e5 Qf5 25. g3 Rxd4 26. Bb1 Qg4 27. Qxg4 hxg4 28.
Bxg6 fxg6 29. Nxe6 Rd2 30. Rfd1 Rxb2 31. Rd7 Re8 32. Rxg7+ Kh8 33. Rxb7 Rxe6
34. Rd1 Re8 35. Rdd7 Re2 36. Rh7+ Kg8 37. Rhg7+ Kh8 38. Rxg6 Rf8 39. Rxc6 Rexf2
40. Rf6 R2xf6 41. exf6 Rxf6 42. Rxb5 Rf3 43. Kg2 Rxa3 44. Rh5+ Kg7 45. Rg5+ Kh6
46. Rxg4 Ra2+ 47. Kh3 Ra1 48. Rd4 a3 49. Ra4 a2 50. Ra6+ Kg7 51. Kh2 Kf7 52. g4
Kg7 53. h5 Kh7 54. g5 Rb1 55. Rxa2 Rb5 56. Rg2 Ra5 57. Kh3 1-0

[Event "3MCR_4D_1L_4S"]
[Site "?"]
[Date "1999.??.??"]
[Round "4"]
[White "Liska, Milan"]
[Black "Mares, Vaclav"]
[Result "1-0"]
[WhiteElo "2165"]
[BlackElo "2135"]
[PlyCount "79"]
[EventDate "1999.??.??"]
[EventType "corr"]

1. e4 e5 2. Nf3 Nc6 3. d4 exd4 4. Nxd4 Bc5 5. Be3 Qf6 6. c3 Nge7 7. Bc4 Bxd4 8.
cxd4 Qg6 9. Nc3 Qxg2 10. Kd2 f5 11. Qe2 Qh3 12. Nd5 Kd8 13. Bg5 Qg4 14. Qe3
fxe4 15. Rhg1 Qf5 16. Rae1 h6 17. Bxe7+ Nxe7 18. Nxe7 Kxe7 19. Rxg7+ Kd8 20.
Reg1 c6 21. Rf7 Qa5+ 22. Kc1 Qb4 23. Bb3 Re8 24. Rh7 a5 25. a3 Qb5 26. Rxh6 Rf8
27. d5 Kc7 28. a4 Qb4 29. Rg4 Re8 30. d6+ Kb8 31. Bc2 Qc4 32. h4 Ra6 33. b3 Qb4
34. Rxe4 Rxe4 35. Qxe4 Qa3+ 36. Kb1 Rb6 37. Qe3 c5 38. Rg6 Qb4 39. h5 c4 40.
Rg4 1-0

[Event "3MCR_4D_1L_4S"]
[Site "?"]
[Date "1999.??.??"]
[Round "4"]
[White "Liska, Milan"]
[Black "Skula, Eugen"]
[Result "1/2-1/2"]
[WhiteElo "2165"]
[BlackElo "2210"]
[PlyCount "79"]
[EventDate "1999.??.??"]
[EventType "corr"]

1. e4 c5 2. Nf3 Nc6 3. d4 cxd4 4. Nxd4 Nf6 5. Nc3 e5 6. Ndb5 d6 7. Bg5 a6 8.
Na3 b5 9. Nd5 Qa5+ 10. Bd2 Qd8 11. Bg5 Qa5+ 12. Bd2 Qd8 13. Be3 Rb8 14. Nxf6+
Qxf6 15. Be2 Be7 16. O-O O-O 17. c3 Qg6 18. Nc2 b4 19. Bh5 Qxe4 20. Bf3 Qc4 21.
b3 Qb5 22. c4 Qb7 23. Nxb4 Qxb4 24. Bxc6 Be6 25. Qf3 Qa5 26. Rfd1 Bf6 27. Be4
Rfd8 28. g4 Be7 29. Qh3 g6 30. Qg3 Qc7 31. f4 Kh8 32. Bd5 Bf6 33. Rac1 Re8 34.
Rd2 a5 35. g5 Bg7 36. fxe5 Bxe5 37. Bf4 Bxd5 38. Rxd5 a4 39. bxa4 Rb4 40. Bxe5+
1/2-1/2

[Event "3MCR_4D_1L_4S"]
[Site "?"]
[Date "1999.??.??"]
[Round "4"]
[White "Krouzel, Jaroslav"]
[Black "Skula, Eugen"]
[Result "1-0"]
[WhiteElo "2405"]
[BlackElo "2210"]
[PlyCount "95"]
[EventDate "1999.??.??"]
[EventType "corr"]

1. d4 f5 2. Qd3 d5 3. Bf4 e6 4. Nc3 Nf6 5. f3 c5 6. dxc5 Bxc5 7. O-O-O O-O 8.
Nh3 Nc6 9. e4 fxe4 10. fxe4 Qa5 11. exd5 Nb4 12. Qb5 Qxb5 13. Bxb5 Nfxd5 14.
Bd2 Nxc3 15. bxc3 Nd5 16. Rhe1 Be7 17. Kb2 Bf6 18. Kb3 h6 19. c4 Nc7 20. Bf4
Rf7 21. Ba4 a6 22. c5 Nd5 23. Be5 b5 24. cxb6 Bb7 25. Bxf6 Rxf6 26. Bd7 Kf7 27.
Nf2 Nxb6 28. Ng4 Bd5+ 29. Rxd5 exd5 30. Nxf6 gxf6 31. Be6+ Kf8 32. Kb4 Re8 33.
Kc5 Na8 34. Kd6 Nb6 35. Rb1 Nc4+ 36. Kxd5 Ne3+ 37. Kd6 Nxc2 38. Rb7 Rd8+ 39.
Rd7 Rxd7+ 40. Bxd7 h5 41. Bc8 a5 42. Bb7 a4 43. Kc5 Ke7 44. Be4 Ne3 45. Kb4 Kd6
46. Kxa4 Kc5 47. Bf3 h4 48. Kb3 1-0

[Event "3MCR_4D_1L_4S"]
[Site "?"]
[Date "1999.??.??"]
[Round "4"]
[White "Kosek, Lubomir"]
[Black "Hladik, Josef"]
[Result "1-0"]
[WhiteElo "2045"]
[BlackElo "2160"]
[PlyCount "91"]
[EventDate "1999.??.??"]
[EventType "corr"]

1. e4 e5 2. Nf3 Nc6 3. Bb5 a6 4. Ba4 Nf6 5. O-O Be7 6. Re1 b5 7. Bb3 d6 8. c3
O-O 9. d3 Na5 10. Bc2 c5 11. Nbd2 Nc6 12. Nf1 Re8 13. Ng3 Bf8 14. Bg5 h6 15.
Bc1 g6 16. a4 b4 17. Bb3 Rb8 18. Bd2 d5 19. exd5 Nxd5 20. h3 Bg7 21. Ne4 Nf4
22. Bxf4 exf4 23. Rc1 Na5 24. Ba2 b3 25. Bb1 c4 26. d4 Bd7 27. Qd2 g5 28. Nc5
Nb7 29. Nxa6 Ra8 30. Nb4 Nd6 31. Rxe8+ Bxe8 32. Qe2 Rxa4 33. Re1 Bb5 34. Ne5
Kf8 35. Bh7 Ra8 36. h4 Rc8 37. Nd5 Ra8 38. Ng6+ fxg6 39. Qe6 Nf7 40. Ne7 Bh8
41. Qxg6 Bg7 42. Qf5 Bxd4 43. cxd4 Qxd4 44. Qxb5 Qd2 45. Ng6+ Kg7 46. Re7 1-0

[Event "3MCR_4D_1L_4S"]
[Site "?"]
[Date "1999.??.??"]
[Round "4"]
[White "Kunovjanek, Milan"]
[Black "Kosek, Lubomir"]
[Result "1/2-1/2"]
[WhiteElo "2025"]
[BlackElo "2045"]
[PlyCount "107"]
[EventDate "1999.??.??"]
[EventType "corr"]

1. e4 c6 2. d4 d5 3. Nc3 dxe4 4. Nxe4 Nf6 5. Nxf6+ gxf6 6. Nf3 Bf5 7. Bd3 Rg8
8. Bxf5 Qa5+ 9. c3 Qxf5 10. Be3 Nd7 11. Qb3 Nb6 12. O-O-O Qd5 13. Rhg1 e6 14.
Qxd5 Nxd5 15. Bd2 O-O-O 16. c4 Ne7 17. g3 Nf5 18. Ba5 b6 19. Bc3 Nd6 20. Nd2 f5
21. f4 Ne4 22. Nxe4 fxe4 23. Rge1 f5 24. Kd2 h5 25. Rg1 h4 26. Ke3 Rg4 27. Kf2
Bg7 28. a4 a5 29. Ke3 Rh8 30. gxh4 Rhxh4 31. Rxg4 Rxg4 32. d5 exd5 33. cxd5
Bxc3 34. bxc3 c5 35. Rh1 Rh4 36. h3 Kc7 37. c4 Kd6 38. Rh2 b5 39. cxb5 Kxd5 40.
Rd2+ Kc4 41. Rh2 Rh6 42. h4 Kb3 43. Rh1 c4 44. b6 Kb2 45. b7 Rb6 46. Rh2+ Kc3
47. Rh1 Rxb7 48. Rc1+ Kb2 49. Rxc4 Rb3+ 50. Ke2 Rf3 51. Rc5 Rxf4 52. h5 Kb3 53.
Rxa5 Kb4 54. Re5 1/2-1/2

[Event "3MCR_4D_1L_4S"]
[Site "?"]
[Date "1999.??.??"]
[Round "4"]
[White "Novotny, Josef"]
[Black "Kosek, Lubomir"]
[Result "1/2-1/2"]
[WhiteElo "2135"]
[BlackElo "2045"]
[PlyCount "123"]
[EventDate "1999.??.??"]
[EventType "corr"]

1. d4 Nf6 2. c4 g6 3. Nc3 Bg7 4. e4 d6 5. Be2 O-O 6. Nf3 e5 7. O-O Nbd7 8. Re1
Re8 9. Bf1 exd4 10. Nxd4 Nc5 11. f3 a5 12. Ndb5 Bd7 13. Be3 b6 14. Qc2 Bc6 15.
Rad1 Qd7 16. Bf2 Re5 17. Bd4 Re7 18. Qf2 Bb7 19. Qh4 Re6 20. e5 Ne8 21. Nd5 Rc8
22. g3 dxe5 23. Bxc5 bxc5 24. Bh3 f5 25. Ndxc7 Qe7 26. Nxe6 Bf6 27. Qh6 Qxe6
28. Qe3 Qxc4 29. Bf1 Qe6 30. b3 Qe7 31. Bc4+ Kg7 32. Nc3 e4 33. fxe4 Bd4 34.
Rxd4 cxd4 35. Qxd4+ Nf6 36. e5 Ng4 37. Nb5 Qc5 38. Qxc5 Rxc5 39. e6 Be4 40. Nd6
Nf6 41. g4 Kf8 42. g5 Ne8 43. Nxe4 fxe4 44. e7+ Kxe7 45. Rxe4+ Kd7 46. Be6+ Ke7
47. Bg4+ Kf7 48. h4 Nd6 49. Re2 Nf5 50. Bxf5 gxf5 51. a4 Kg6 52. Kf2 f4 53. Re4
Kf5 54. Rc4 Re5 55. Rc7 Kg6 56. Kf3 Re3+ 57. Kxf4 Rxb3 58. Rc6+ Kf7 59. Ke5 Ra3
60. Rc4 Kg6 61. Kf4 Ra1 62. Rc6+ 1/2-1/2

[Event "3MCR_4D_1L_4S"]
[Site "?"]
[Date "1999.??.??"]
[Round "4"]
[White "Pletanek, Danous"]
[Black "Kosek, Lubomir"]
[Result "1-0"]
[WhiteElo "2260"]
[BlackElo "2045"]
[PlyCount "101"]
[EventDate "1999.??.??"]
[EventType "corr"]

1. e4 c6 2. d4 d5 3. Nd2 dxe4 4. Nxe4 Nf6 5. Nxf6+ gxf6 6. c3 Bf5 7. Nf3 Nd7 8.
g3 e6 9. Bg2 Be4 10. O-O Rg8 11. Re1 f5 12. Bh3 Qf6 13. Nd2 Bd3 14. Qf3 Bc2 15.
Qe2 f4 16. Ne4 Bxe4 17. Qxe4 fxg3 18. fxg3 h5 19. Kh1 Be7 20. Be3 O-O-O 21. c4
h4 22. Rf1 Qg7 23. gxh4 Rh8 24. Rf4 Bd6 25. Rg1 Qf8 26. Rf3 Re8 27. Bf2 f5 28.
Qc2 Kb8 29. b4 Nf6 30. c5 Bc7 31. b5 cxb5 32. Rb1 Re7 33. Rxb5 Nd5 34. Rfb3 Bd8
35. c6 Bb6 36. a4 Rc7 37. a5 Rxc6 38. Qd3 Rc1+ 39. Bf1 Ka8 40. Rxd5 exd5 41.
axb6 Qe7 42. Rb1 Rxb1 43. Qxb1 Qe4+ 44. Qxe4 fxe4 45. bxa7 Kxa7 46. Be2 Kb6 47.
Be1 Kc6 48. Kg2 Kd6 49. h5 Ke7 50. Kg3 Ra8 51. Kf4 1-0

[Event "3MCR_4D_1L_4S"]
[Site "?"]
[Date "1999.??.??"]
[Round "4"]
[White "Liska, Milan"]
[Black "Pletanek, Danous"]
[Result "1/2-1/2"]
[WhiteElo "2165"]
[BlackElo "2260"]
[PlyCount "92"]
[EventDate "1999.??.??"]
[EventType "corr"]

1. e4 c5 2. Nf3 d6 3. d4 cxd4 4. Nxd4 Nf6 5. Nc3 a6 6. Bg5 e6 7. f4 Qb6 8. Nb3
Be7 9. Qf3 Nbd7 10. Be2 Qc7 11. a4 h6 12. Qh3 Nc5 13. Nxc5 Qxc5 14. Bh4 Qb4 15.
Qd3 Qxb2 16. Rb1 Qa3 17. O-O Qc5+ 18. Bf2 Qc6 19. Rfd1 Nd7 20. Rb4 O-O 21. Qg3
Re8 22. Rc4 Nc5 23. Bd4 Bf8 24. Rb1 e5 25. fxe5 Be6 26. Rcb4 Nxe4 27. Nxe4 Qxe4
28. Bd3 Qd5 29. exd6 Rad8 30. c3 Bc8 31. Bc2 Qg5 32. Qxg5 hxg5 33. Rc4 Rxd6 34.
Rc7 Rdd8 35. Bb3 Rd7 36. Rxd7 Bxd7 37. Bd5 Bc6 38. Bxc6 bxc6 39. Rb6 c5 40. Bf2
Re6 41. Rb8 Rc6 42. Be3 f6 43. c4 Kf7 44. Kf2 Be7 45. Kf3 f5 46. h3 Re6 1/2-1/2

[Event "3MCR_4D_1L_4S"]
[Site "?"]
[Date "1999.??.??"]
[Round "4"]
[White "Gdovin, Jan"]
[Black "Krouzel, Jaroslav"]
[Result "0-1"]
[WhiteElo "2130"]
[BlackElo "2405"]
[PlyCount "81"]
[EventDate "1999.??.??"]
[EventType "corr"]

1. e4 e6 2. d4 d5 3. Nc3 Bb4 4. e5 c5 5. a3 Bxc3+ 6. bxc3 Ne7 7. Qg4 O-O 8. Nf3
Nbc6 9. Bd3 f5 10. exf6 Rxf6 11. Bg5 Rf7 12. Bxe7 Rxe7 13. Qh4 g6 14. O-O c4
15. Be2 Bd7 16. Rfe1 Qf8 17. Bf1 Rae8 18. Ne5 Nxe5 19. Rxe5 Ba4 20. Ra2 Kg7 21.
Be2 Qf6 22. Qg3 Rf7 23. Bg4 Bd7 24. Ra1 Qf4 25. Qxf4 Rxf4 26. f3 Rf6 27. h4 b5
28. Kf2 Rb8 29. Ke3 Rb6 30. Bh3 Kf7 31. g4 Ke7 32. g5 Rf8 33. Bg4 Ra6 34. h5
gxh5 35. Bxh5 Ra4 36. Bg4 a5 37. Kd2 b4 38. Rh1 bxa3 39. Rxh7+ Kd6 40. Rh1 a2
41. Ra1 0-1

[Event "3MCR_4D_1L_4S"]
[Site "?"]
[Date "1999.??.??"]
[Round "4"]
[White "Gdovin, Jan"]
[Black "Liska, Milan"]
[Result "0-1"]
[WhiteElo "2130"]
[BlackElo "2165"]
[PlyCount "100"]
[EventDate "1999.??.??"]
[EventType "corr"]

1. e4 c5 2. Nf3 d6 3. d4 cxd4 4. Nxd4 Nf6 5. Nc3 a6 6. Bc4 e6 7. Bb3 b5 8. O-O
Be7 9. Qf3 Qc7 10. Qg3 Nc6 11. Nxc6 Qxc6 12. Re1 Bb7 13. a3 Rd8 14. f3 O-O 15.
Bh6 Ne8 16. Rad1 Bf6 17. Bg5 Bxg5 18. Qxg5 Nf6 19. Rd4 Qc5 20. Qe3 Rd7 21. Red1
Rfd8 22. Kh1 Bc6 23. Ba2 h6 24. b4 Qe5 25. Qd2 d5 26. f4 Qc7 27. e5 Ne4 28. Qe3
Bb7 29. R1d3 a5 30. Bb1 Qc6 31. a4 Ba6 32. axb5 Bxb5 33. Nxe4 Bxd3 34. Nc5 Be4
35. Nxd7 Qxd7 36. bxa5 Qb5 37. Qe1 Ra8 38. Rb4 Qxa5 39. c3 Bxb1 40. Qxb1 Qc7
41. Qb2 Rc8 42. h3 Qxc3 43. Qxc3 Rxc3 44. Kg1 Rc4 45. Rb8+ Kh7 46. g3 g5 47. f5
exf5 48. Rd8 d4 49. Rd7 Kg6 50. Rd6+ Kg7 0-1

[Event "3MCR_4D_1L_4S"]
[Site "?"]
[Date "1999.??.??"]
[Round "4"]
[White "Gdovin, Jan"]
[Black "Mares, Vaclav"]
[Result "1-0"]
[WhiteElo "2130"]
[BlackElo "2135"]
[PlyCount "81"]
[EventDate "1999.??.??"]
[EventType "corr"]

1. e4 e5 2. Nf3 Nc6 3. Bb5 f5 4. Nc3 fxe4 5. Nxe4 d5 6. Nxe5 dxe4 7. Nxc6 Qg5
8. Qe2 Nf6 9. f4 Qh4+ 10. g3 Qh3 11. Ne5+ c6 12. Bc4 Bc5 13. d3 Bf5 14. Be3
exd3 15. Nxd3 Bg4 16. Bf7+ Kxf7 17. Ne5+ Kg8 18. Qc4+ Nd5 19. Bxc5 Re8 20. Qf1
Qh5 21. Qf2 b6 22. Ba3 Bh3 23. Rd1 Qf5 24. Qe2 Bg4 25. Qd3 Rxe5+ 26. fxe5 Qxe5+
27. Kf2 Bxd1 28. Rxd1 Kf7 29. Re1 Qh5 30. c4 Qxh2+ 31. Kf3 Re8 32. Rxe8 Qh1+
33. Kf2 Qh2+ 34. Ke1 Qh1+ 35. Kd2 Kxe8 36. cxd5 Qxd5 37. Qxd5 cxd5 38. Kd3 Kf7
39. Kd4 Ke6 40. b4 a6 41. Bc1 1-0

[Event "3MCR_4D_1L_4S"]
[Site "?"]
[Date "1999.??.??"]
[Round "4"]
[White "Skula, Eugen"]
[Black "Jerabek, Zdenek"]
[Result "1-0"]
[WhiteElo "2210"]
[BlackElo "2235"]
[PlyCount "105"]
[EventDate "1999.??.??"]
[EventType "corr"]

1. d4 Nf6 2. c4 e6 3. Nc3 c5 4. d5 exd5 5. cxd5 d6 6. e4 g6 7. f4 Bg7 8. e5
Nfd7 9. exd6 O-O 10. Nf3 Nf6 11. Be2 Ne8 12. Be3 b6 13. O-O Nxd6 14. Qd2 Re8
15. Rfe1 Bb7 16. Rad1 Nd7 17. Bf2 Nf6 18. Bh4 Nf5 19. Bg5 h6 20. Bxf6 Qxf6 21.
Ne5 Nd6 22. Bb5 Re7 23. Bc6 Qf5 24. Bxb7 Rxb7 25. Nc6 Kh7 26. h3 h5 27. Re2 Bh6
28. Rf1 a6 29. Ne5 Re8 30. g4 Qc8 31. Qd3 hxg4 32. hxg4 Bg7 33. Rfe1 Rbe7 34.
Ne4 Bxe5 35. Qh3+ Kg7 36. fxe5 Nxe4 37. Rxe4 Qd7 38. d6 Re6 39. Qf3 Qb7 40. Kg2
Kg8 41. Kg3 Qd5 42. a3 Qd2 43. R1e2 Qd5 44. Qe3 Kg7 45. Rd2 Qa8 46. Rh2 Rh8 47.
Rxh8 Qxh8 48. Qd2 Qd8 49. Re2 Qd7 50. Qf4 f6 51. Rf2 Qd8 52. g5 f5 53. Qh4 1-0

[Event "3MCR_4D_1L_4S"]
[Site "?"]
[Date "1999.??.??"]
[Round "4"]
[White "Kosek, Lubomir"]
[Black "Skula, Eugen"]
[Result "1/2-1/2"]
[WhiteElo "2045"]
[BlackElo "2210"]
[PlyCount "98"]
[EventDate "1999.??.??"]
[EventType "corr"]

1. e4 c5 2. Nf3 Nc6 3. d4 cxd4 4. Nxd4 Nf6 5. Nc3 e5 6. Ndb5 d6 7. Bg5 a6 8.
Na3 b5 9. Bxf6 gxf6 10. Nd5 Bg7 11. c4 f5 12. cxb5 Nd4 13. Bd3 Be6 14. bxa6
fxe4 15. Bxe4 Rxa6 16. O-O Ra5 17. Nc3 d5 18. Bd3 Qb6 19. Nc2 Nc6 20. Qc1 O-O
21. a4 Rc5 22. Ra3 f5 23. Na2 Nd4 24. Qb1 Nb3 25. Qd1 e4 26. Bb5 d4 27. Ncb4
Na5 28. Rg3 Qd6 29. Nc3 Rd8 30. Na6 Rcc8 31. Qh5 Bf7 32. Qg5 Bg6 33. Ne2 Be5
34. f4 Bg7 35. b4 Nc6 36. h4 d3 37. h5 dxe2 38. Bxe2 Nd4 39. Bb5 Nxb5 40. axb5
Qd5 41. Nc5 Rd6 42. hxg6 Rxg6 43. Qh4 Qd4+ 44. Kh2 Qxb4 45. Rxg6 hxg6 46. Ne6
Qxb5 47. Nxg7 Qxf1 48. Nxf5 Ra8 49. Qh6 gxf5 1/2-1/2

[Event "3MCR_4D_1L_4S"]
[Site "?"]
[Date "1999.??.??"]
[Round "4"]
[White "Hladik, Josef"]
[Black "Skula, Eugen"]
[Result "1/2-1/2"]
[WhiteElo "2160"]
[BlackElo "2210"]
[PlyCount "82"]
[EventDate "1999.??.??"]
[EventType "corr"]

1. e4 c5 2. Nf3 Nc6 3. d4 cxd4 4. Nxd4 Nf6 5. Nc3 e5 6. Ndb5 d6 7. Nd5 Nxd5 8.
exd5 Nb8 9. c4 a6 10. Nc3 Be7 11. Bd3 O-O 12. O-O f5 13. f3 Nd7 14. Be3 Bg5 15.
Bf2 Qf6 16. Qc2 Nc5 17. Be2 a5 18. Na4 Nxa4 19. Qxa4 Qh6 20. c5 dxc5 21. Bxc5
Rd8 22. Rad1 b6 23. Bf2 Bb7 24. Qb3 Kh8 25. d6 Rxd6 26. Rxd6 Qxd6 27. Rd1 Qc6
28. Qxb6 e4 29. fxe4 fxe4 30. Qxc6 Bxc6 31. b3 Rd8 32. Rxd8+ Bxd8 33. Bc4 h6
34. Bc5 g5 35. a3 Kg7 36. b4 axb4 37. axb4 Bb7 38. g4 Bc7 39. h3 Kg6 40. Bb5
Kf6 41. Bf8 Bf4 1/2-1/2

[Event "3MCR_4D_1L_4S"]
[Site "?"]
[Date "1999.??.??"]
[Round "4"]
[White "Skula, Eugen"]
[Black "Mares, Vaclav"]
[Result "1/2-1/2"]
[WhiteElo "2210"]
[BlackElo "2135"]
[PlyCount "90"]
[EventDate "1999.??.??"]
[EventType "corr"]

1. d4 Nf6 2. c4 e5 3. dxe5 Ng4 4. Nf3 Bc5 5. e3 Nc6 6. Be2 Ngxe5 7. O-O d6 8.
Nc3 O-O 9. Na4 Bb6 10. b3 Re8 11. Nxb6 axb6 12. Bb2 Nxf3+ 13. Bxf3 Ne5 14. Be4
Qh4 15. f3 Qh6 16. Qd2 Ng6 17. Rfe1 Ra5 18. Bd5 Ne7 19. Bc3 Ra8 20. Be4 Bf5 21.
Bd3 Be6 22. Rad1 Ra3 23. Bb1 Nc6 24. e4 Qxd2 25. Rxd2 f6 26. Kf2 Kf7 27. f4 g5
28. g3 h5 29. Rg1 Rg8 30. h4 gxf4 31. gxf4 Raa8 32. Rdd1 Rg4 33. f5 Bd7 34.
Rxg4 hxg4 35. Kg3 Ne5 36. Bxe5 fxe5 37. Kxg4 Kf6 38. Kh3 Rg8 39. Bd3 Be8 40.
Be2 Bc6 41. Bf3 b5 42. cxb5 Bxb5 43. a4 Be8 44. Rc1 Rg7 45. Rc2 d5 1/2-1/2

[Event "3MCR_4D_1L_4S"]
[Site "?"]
[Date "1999.??.??"]
[Round "4"]
[White "Kunovjanek, Milan"]
[Black "Liska, Milan"]
[Result "1/2-1/2"]
[WhiteElo "2025"]
[BlackElo "2165"]
[PlyCount "86"]
[EventDate "1999.??.??"]
[EventType "corr"]

1. e4 c5 2. Nf3 d6 3. d4 cxd4 4. Nxd4 Nf6 5. Nc3 a6 6. Be3 e5 7. Nb3 Be6 8. f3
Nbd7 9. Qd2 b5 10. a4 b4 11. Nd5 Bxd5 12. exd5 Nb6 13. Bxb6 Qxb6 14. a5 Qb7 15.
Bc4 Be7 16. Ra4 Rb8 17. Nc1 Nd7 18. Nd3 Bd8 19. Kd1 Qc8 20. b3 O-O 21. Nxb4 Nc5
22. Ra1 e4 23. Nc6 exf3 24. gxf3 Qf5 25. Rf1 Bg5 26. Rb1 Rbe8 27. Nd4 Qf6 28.
f4 Bh6 29. c3 Re4 30. Kc2 Bxf4 31. Qg2 Rfe8 32. Rbd1 Re3 33. Rf3 g5 34. h4 Rb8
35. Rxe3 Bxe3 36. Rf1 Qg6+ 37. Nf5 Bf4 38. Bd3 Kf8 39. Qf3 Nxd3 40. Qxd3 Re8
41. hxg5 Qxg5 42. Kb1 Be5 43. Qh3 h5 1/2-1/2

[Event "3MCR_4D_1L_4S"]
[Site "?"]
[Date "1999.??.??"]
[Round "4"]
[White "Kamler, Zdenek"]
[Black "Mares, Vaclav"]
[Result "0-1"]
[WhiteElo "2050"]
[BlackElo "2135"]
[PlyCount "86"]
[EventDate "1999.??.??"]
[EventType "corr"]

1. d4 Nf6 2. c4 e5 3. dxe5 Ng4 4. e4 Nxe5 5. f4 Nec6 6. a3 Bc5 7. Nf3 d6 8. b4
Bb6 9. Bb2 O-O 10. Qc2 Re8 11. Nbd2 Be3 12. g3 Nd7 13. O-O-O Nf6 14. Re1 Rxe4
15. Bd3 Re8 16. b5 Nb8 17. Ng5 h6 18. Nxf7 Kxf7 19. Bg6+ Kg8 20. Bxe8 Qxe8 21.
Bxf6 gxf6 22. Kb1 d5 23. Qd3 d4 24. Nf1 Kg7 25. Nxe3 dxe3 26. g4 Qg6 27. f5 Qf7
28. Rxe3 Nd7 29. Rhe1 Ne5 30. Rxe5 fxe5 31. Rxe5 Qf6 32. Qe4 c6 33. Re7+ Kf8
34. Rc7 Qd6 35. Rh7 Kg8 36. Re7 Rb8 37. h4 a6 38. b6 h5 39. Rc7 Bd7 40. Kc2
Qh2+ 41. Kb3 Qg3+ 42. Kb4 Re8 43. Qd4 Re3 0-1

[Event "3MCR_4D_1L_4S"]
[Site "?"]
[Date "1999.??.??"]
[Round "4"]
[White "Hladik, Josef"]
[Black "Mares, Vaclav"]
[Result "1-0"]
[WhiteElo "2160"]
[BlackElo "2135"]
[PlyCount "89"]
[EventDate "1999.??.??"]
[EventType "corr"]

1. e4 e5 2. Nf3 Nc6 3. Bb5 a6 4. Ba4 Nf6 5. O-O Be7 6. Re1 b5 7. Bb3 O-O 8. c3
d5 9. exd5 Nxd5 10. Nxe5 Nxe5 11. Rxe5 c6 12. d4 Bd6 13. Re1 Qh4 14. g3 Qh3 15.
Be3 Bg4 16. Qd3 Rae8 17. Nd2 Re6 18. a4 bxa4 19. Rxa4 f5 20. Qf1 Qh5 21. f4 Rb8
22. Bxd5 cxd5 23. Rxa6 Rbe8 24. Qb5 Qf7 25. h3 Bxh3 26. Nf3 h6 27. Ne5 Bxe5 28.
Rxe6 Rxe6 29. dxe5 Re7 30. b4 Bg4 31. Bc5 Re8 32. Qd3 Kh8 33. b5 Qh5 34. Qd2
Bf3 35. Qh2 Qg6 36. b6 Qc6 37. Bd4 Be4 38. Qh5 Qe6 39. Re2 Rb8 40. Rb2 Rb7 41.
Kf2 Kh7 42. Ke3 Qc8 43. Qe2 Qe8 44. Rb4 Qa8 45. e6 1-0